Statistics for Countries with the Most Illegally Downloaded Music

Click here to take the quiz!

General Stats

  • This quiz has been taken 524 times
  • The average score is 14 of 20

Answer Stats

Rank# of Illegal Downloads in 2012Answer% Correct
1.96,868,398United States
100%
2.43,314,568United Kingdom
96%
9.8,400,869France
92%
4.23,953,053Canada
88%
5.19,677,596Brazil
87%
11.7,522,865Mexico
87%
7.10,306,829Spain
86%
3.33,226,258Italy
84%
6.19,103,047Australia
83%
8.8,965,271India
78%
19.4,074,594Sweden
71%
14.5,029,204Poland
70%
13..5,587,198Portugal
68%
15.4,919,567Greece
59%
20.3,880,900Belgium
56%
12.6,671,428Netherlands
56%
18.4,152,252Romania
45%
17.4,210,641Chile
43%
16.4,470,948Hungary
43%
10.8,351,260Philippines
36%

Score Distribution

Percentile by Number Answered

Percent of People with Each Score

Your Score History

You have not taken this quiz